000 01351cam a22003617a 4500
003 CHAP
005 20220329142532.0
008 010824d2001 mx r 00110 spa d
010 _a84652
011 _a85624
035 _a96159
040 _cCHAP
090 _aTesis
100 0 0 _aVargas Martínez, Celso Gabriel.
_9118045
245 1 3 _aEl cultivo del maíz en Coamil y su relación con la fiesta religiosa del mitote en la comunidad Cora de Jesús María, Nayarit
_c/por Celso Gabriel Vargas Martínez
260 _aChapingo, Méx. :
_bEl autor,
_c2001.
300 _a96 h.
502 _aTesis (Ing. Agr. Esp. en Sociología Rural) -- UACH. Departamento de Sociología Rural
590 _aALEPH
_b10
_c20130110
_lUCH01
_h1443
590 _aBATCH-UPD
_b10
_c20130110
_lUCH01
_h0609
590 _aBATCH-UPD
_b10
_c20130410
_lUCH01
_h0251
590 _aBATCH-UPD
_b10
_c20130914
_lUCH01
_h1632
590 _aCONVERSION
_b10
_c20130109
_lUCH01
_h1347
650 1 4 _aAgricultura de subsistencia.
_91998
650 1 4 _aIndios de Nayarit
_xCondiciones sociales.
_957641
650 1 4 _aMaíz
_xNayarit.
_971023
650 1 4 _aNayarit
_xVida social y costumbres.
_980632
901 _aBK
905 _aAlejandra Carrasco M.
942 _cFOLL
949 _bBC
_cTES
_d33724000853842
_eTS2
_fc.2
_h38533
_i96159
_sb
949 _bBC
_cTES
_d961591
_eTS1
_h38532
_i96159
_sb
999 _c84652
_d84652